00460nam a22001457a 4500020001800000082001500018100002100033245005000054260002400104300002400128490004200152500005100194650005100245700001800296 a9781447122357 a006.76 ZAI aZaigham, Mahmood aCloud computing for enterprise architectures  aUSAbSpringerc2011 axvii, 327 p. : ill. aComputer communications and networks. aIncludes bibliographical references and index. aIncludes bibliographical references and index. aHill, Richard